00311 a2200097 4500001000900000005001700009008004100026245006800067100001800135773006000153ART_704920260410161700.0260409a 10aRespuesta a precios del área sembrada de soja en la Argentina1 aLanteri, Luis0 tEnsayos Económicosg- Nº 52 (oct./dic. 2008)wREV620